[Event "AUTO-INT-2364"]
[Site "http://www.queenalice.com/game.php?id=1077061"]
[Date "2012.6.27"]
[Round "1"]
[White "TorresR"]
[Black "jonas777"]
[Result "0-1"]
[WhiteElo "1428"]
[BlackElo "1595"]

1. e4 d5 2. exd5 Qxd5 3. d4 h6 4. Nc3 Qd8 5. Nf3 Bg4 6. Be2 Bxf3 7. Bxf3 c6 8.
O-O g6 9. Bf4 Bg7 10. d5 Bxc3 11. bxc3 Nf6 12. dxc6 Nxc6 13. Re1 Qxd1 14. Raxd1
O-O 15. Bxc6 bxc6 16. Rxe7 Nd5 17. Rd7 Nxf4 18. g3 Ne6 19. f4 c5 20. Kf2 a5 21.
h4 Rfb8 22. Kf3 Rb2 23. Ke4 Rxc2 24. Ke5 Re2+ 25. Kf6 Rf8 26. Ke7 Nc7+ 27. Kd6
Na6 28. Ra7 Rd8+ 29. Rd7 Re6+ 0-1

[Event "AUTO-INT-2364"]
[Site "http://www.queenalice.com/game.php?id=1077062"]
[Date "2012.6.27"]
[Round "1"]
[White "jonas777"]
[Black "TorresR"]
[Result "0-1"]
[WhiteElo "1618"]
[BlackElo "1434"]

1. d4 d5 2. e3 c5 3. Bb5+ Bd7 4. Be2 cxd4 5. Qxd4 Nf6 6. h3 Nc6 7. Qd1 e5 8. Bb5
a6 9. Bxc6 Bxc6 10. a3 Bd6 11. b3 O-O 12. Bb2 d4 13. Nf3 dxe3 14. fxe3 Ne4 15.
Nfd2 Qh4+ 16. Ke2 Qf2+ 17. Kd3 Nc5+ 18. Kc3 Qxe3+ 19. Kb4 Nxb3+ 20. Kc4 Bb5+ 21.
Kd5 Bc6+ 22. Kc4 b5# 0-1

[Event "AUTO-INT-2364"]
[Site "http://www.queenalice.com/game.php?id=1077069"]
[Date "2012.6.27"]
[Round "1"]
[White "jonas777"]
[Black "Duduca10"]
[Result "0-1"]
[WhiteElo "1623"]
[BlackElo "1629"]

1. d4 d5 2. a3 Nc6 3. e3 Nf6 4. h3 a6 5. b3 Bf5 6. Nc3 e6 7. Bb2 Be7 8. Nf3 Qd6
9. Ne2 h6 10. Ne5 Ng8 11. Nf4 g5 12. Ne2 f6 13. Nxc6 Qxc6 14. c3 O-O-O 15. b4
Qd7 16. Ng1 Bg6 17. Be2 e5 18. Nf3 e4 19. Nh2 h5 20. c4 dxc4 21. Bxc4 f5 22. d5
Bf6 23. Bxf6 Nxf6 24. Qd4 Nxd5 25. Bxd5 Qxd5 26. Qa7 Qd2+ 27. Kf1 Rh7 28. g3 g4
29. hxg4 hxg4 30. Kg2 Rd3 31. Qa8+ Kd7 32. Rad1 Qb2 33. Qxb7 Qc2 34. Rxd3+ Qxd3
35. a4 Bf7 36. b5 axb5 37. Qxb5+ Qxb5 38. axb5 Rh6 39. Rb1 Rb6 40. Nf1 Bc4 41.
Nd2 Rxb5 42. Rxb5 Bxb5 43. Nb3 Bc4 44. Nd4 Be6 45. Kf1 c5 46. Ne2 Bc4 47. Ke1
Bxe2 48. Kxe2 Kc6 49. Kd2 Kb5 50. Kc3 c4 51. Kb2 Kb4 52. Kc2 c3 53. Kb1 Kb3 54.
Kc1 c2 55. Kd2 Kb2 56. Ke2 c1=Q 57. f3 gxf3+ 58. Kf2 Qd2+ 59. Kg1 Qg2# 0-1

[Event "AUTO-INT-2364"]
[Site "http://www.queenalice.com/game.php?id=1077070"]
[Date "2012.6.27"]
[Round "1"]
[White "Duduca10"]
[Black "jonas777"]
[Result "1/2-1/2"]
[WhiteElo "1657"]
[BlackElo "1607"]

1. e4 d5 2. exd5 Qxd5 3. Nc3 Qe6+ 4. Qe2 Qxe2+ 5. Bxe2 a6 6. Nf3 h6 7. h3 e6 8.
a3 g6 9. Bc4 Bg7 10. O-O Ne7 11. Ne2 O-O 12. Rb1 b5 13. Ba2 Bb7 14. Nh2 Nd5 15.
d3 b4 16. axb4 Nxb4 17. Bb3 Nd5 18. c4 Nb4 19. Bd2 Nxd3 20. Bc3 Bxc3 21. Nxc3
Nf4 22. f3 Nd3 23. Bc2 Ne5 24. b3 Nbd7 25. Ng4 Nxg4 26. fxg4 Ne5 27. Ne4 Bxe4
28. Bxe4 Ra7 29. Rfd1 a5 30. Ra1 g5 31. Re1 Ng6 32. Bxg6 fxg6 33. Rxe6 Kg7 34.
Rd1 Rf7 35. Ra1 Rd7 36. Re5 Rd3 37. Rexa5 Rxa5 38. Rxa5 Rxb3 39. Rc5 Rb7 40. Rc6
Kf7 41. Kf2 h5 42. gxh5 gxh5 43. Kf3 Kg7 44. Ke4 Kh7 45. Kd5 Kg7 46. Ke6 Kg6 47.
Kd7+ Kf5 48. Rxc7 Rb2 49. g3 Rh2 50. Rc5+ Kf6 51. h4 gxh4 52. gxh4 Rxh4 53. Rc6+
Ke5 54. Re6+ Kd4 55. c5 Kxc5 56. Ke7 Rh2 57. Kf6 h4 58. Kg5 Kd5 59. Rh6 h3 60.
Kg4 Ke4 61. Rxh3 Rxh3 62. Kxh3 Kf4 63. Kg2 1/2-1/2

[Event "AUTO-INT-2391"]
[Site "http://www.queenalice.com/game.php?id=1086599"]
[Date "2012.7.25"]
[Round "1"]
[White "Frost"]
[Black "jonas777"]
[Result "1-0"]
[WhiteElo "1658"]
[BlackElo "1571"]

1. b3 d5 2. c4 dxc4 3. bxc4 Qd4 4. Nc3 Qxc4 5. e3 Qe6 6. Be2 a6 7. h3 h6 8. Bg4
Qd6 9. Bxc8 Qc6 10. Bg4 e6 11. Bf3 Qb6 12. Na4 Qb4 13. a3 Qb5 14. Be2 Qa5 15.
Bf3 c6 16. Rb1 Qc7 17. Nb6 Ra7 18. Ne2 Bc5 19. Na4 Bd6 20. Bb2 Bf8 21. Ng3 Be7
22. Bxg7 Rh7 23. Nh5 b5 24. Nc3 f6 25. d4 Qd6 26. Qd3 f5 27. Be5 Qd8 28. g4 Bg5
29. gxf5 Bf6 30. fxe6 Bxe5 31. Qg6+ Raf7 32. Qxg8+ Ke7 33. exf7 Rxf7 34. Qxd8+
Kxd8 35. dxe5 Rxf3 36. Rd1+ Kc7 37. e6 Rf5 38. Nf4 Re5 39. Nce2 a5 40. Nd4 Kd6
41. Ng6 Kc7 42. Nxe5 1-0

[Event "AUTO-INT-2391"]
[Site "http://www.queenalice.com/game.php?id=1086600"]
[Date "2012.7.25"]
[Round "1"]
[White "jonas777"]
[Black "Frost"]
[Result "0-1"]
[WhiteElo "1558"]
[BlackElo "1675"]

1. d4 d5 2. Bg5 f6 3. Bc1 e5 4. Nf3 e4 5. Ng1 c5 6. h3 c4 7. a3 Nc6 8. e3 Qa5+
9. Bd2 Bb4 10. c3 Be7 11. Ne2 g5 12. Ng3 Qb5 13. Qc2 h5 14. a4 Qa5 15. Na3 h4
16. Ne2 Nh6 17. Nb5 a6 18. b4 Qd8 19. Na3 g4 20. Nf4 g3 21. O-O-O gxf2 22. Be2
Nf5 23. Rhf1 a5 24. b5 Bxa3+ 25. Kb1 Nce7 26. Rxf2 Bd7 27. Be1 Ng3 28. Qa2 Bd6
29. Qb2 Nef5 30. Bg4 Nxe3 31. Bxd7+ Qxd7 32. Ng6 Nxd1 33. Qd2 Nxf2 34. Nxh8 Nd3
35. Ng6 Nf1 36. Qe2 Qf5 37. Qg4 Qxg4 38. hxg4 Nxe1 39. Nxh4 e3 40. Nf5 Rd8 41.
Kc1 e2 42. b6 Nd3+ 43. Kc2 e1=Q 44. Ng7+ Kf7 45. Nf5 Qc1# 0-1

[Event "AUTO-INT-2391"]
[Site "http://www.queenalice.com/game.php?id=1086613"]
[Date "2012.7.25"]
[Round "1"]
[White "jonas777"]
[Black "jw16js"]
[Result "0-1"]
[WhiteElo "1589"]
[BlackElo "1527"]

1. d4 d5 2. Bg5 Be6 3. a3 Qd6 4. h3 h6 5. Bc1 Nf6 6. e3 Ne4 7. Nd2 Nxd2 8. Bxd2
Nd7 9. Bb4 c5 10. Bc3 c4 11. Bb4 Qc7 12. Be2 Bf5 13. Bf3 Nb6 14. Ba5 Qd6 15.
Bxb6 axb6 16. Ne2 e5 17. c3 e4 18. Bg4 Bxg4 19. hxg4 g5 20. Qa4+ Rxa4 21. Ng3 b5
22. Nf5 Qb6 23. O-O h5 24. gxh5 Rxh5 25. Rfb1 Qc7 26. Ng3 Rh4 27. Kf1 Bd6 28.
Ke2 Qc8 29. Rg1 Qg4+ 30. Kd2 Bxg3 31. fxg3 Qxg3 32. Raf1 Rh2 33. Re1 Ra8 34. Re2
Ke7 35. Kd1 Rah8 36. Ree1 Rxg2 37. Rxg2 Qxg2 38. Re2 Qf1+ 39. Re1 Qd3+ 40. Kc1
Rh2 41. Rg1 Qc2# 0-1

[Event "AUTO-INT-2391"]
[Site "http://www.queenalice.com/game.php?id=1086614"]
[Date "2012.7.25"]
[Round "1"]
[White "jw16js"]
[Black "jonas777"]
[Result "1-0"]
[WhiteElo "1497"]
[BlackElo "1609"]

1. c4 d5 2. b3 dxc4 3. bxc4 Qd4 4. Nc3 e6 5. Qa4+ Bd7 6. e3 Qf6 7. Qd1 a6 8. Rb1
Bb4 9. Rxb4 Bc6 10. c5 a5 11. Rf4 Qe7 12. Bb2 Qxc5 13. Ne4 Qf8 14. Nc5 f6 15.
Nxe6 Qe7 16. Bc4 b5 17. Bd3 Qxe6 18. Bf1 Qxa2 19. Bd3 Qxb2 20. Be4 Bxe4 21.
Rxe4+ Ne7 22. Ne2 Qa2 23. O-O Qd5 24. Nc3 Qg5 25. Qf3 c6 26. h4 Qg6 27. Rg4 Qf7
28. Ne4 O-O 29. Nd6 Qe6 30. Rd4 Rd8 31. Qh5 Rxd6 32. Qe8# 1-0

[Event "AUTO-INT-2391"]
[Site "http://www.queenalice.com/game.php?id=1086615"]
[Date "2012.7.25"]
[Round "1"]
[White "jonas777"]
[Black "MONSTERXADREZ"]
[Result "1-0"]
[WhiteElo "1584"]
[BlackElo "1600"]

1. d4 Nf6 2. Bg5 Nc6 3. Nf3 g6 4. a3 d6 5. b3 h6 6. Bxf6 exf6 7. e3 f5 8. Qd3
Bd7 9. h3 Qe7 10. Be2 O-O-O 11. O-O h5 12. Nbd2 d5 13. Ne5 Nb8 14. Qc3 f6 15.
Nxg6 Qg7 16. Nxh8 Qxh8 17. Qa5 b6 18. Qxd5 Bc6 19. Qxf5+ Kb7 20. Bf3 Bxf3 21.
Qxf3+ Kc8 22. Ne4 Be7 23. Nc3 h4 24. Nb5 a6 25. Na7+ Kd7 26. Qf5+ Kd6 27. b4 Nc6
28. Nxc6 Kxc6 29. Qe6+ Rd6 30. Qxe7 Rd7 31. Qe4+ Rd5 32. c4 f5 33. Qxd5# 1-0

[Event "AUTO-INT-2391"]
[Site "http://www.queenalice.com/game.php?id=1086616"]
[Date "2012.7.25"]
[Round "1"]
[White "MONSTERXADREZ"]
[Black "jonas777"]
[Result "1-0"]
[WhiteElo "1658"]
[BlackElo "1590"]

1. Nf3 d5 2. e3 Bg4 3. Be2 a6 4. Nc3 Bxf3 5. Bxf3 Nf6 6. O-O e6 7. a4 h6 8. d4
Bb4 9. Na2 Be7 10. Nc3 Nc6 11. Bd2 O-O 12. e4 Nb4 13. e5 Ne4 14. Nxe4 Nc6 15.
Bc3 Qd7 16. Nd2 Bg5 17. Nb3 Qe7 18. Nd2 Bxd2 19. Bxd2 Nxd4 20. Bg4 Nc6 21. Ra3
Nxe5 22. Bh3 Nc4 23. Rb3 Rab8 24. Bf4 Na5 25. Rc3 c6 26. Bxb8 Rxb8 27. b4 Qxb4
28. Rg3 Qxa4 29. f4 Nc4 30. Qg4 g6 31. f5 exf5 32. Qe2 c5 33. Bxf5 Nd6 34. Bd3
Qd4+ 35. Rf2 Re8 36. Qf3 Re1+ 37. Bf1 Qa1 38. Qxd5 Nf5 39. Rxg6+ Kf8 40. Rxf5
Qd4+ 41. Qxd4 cxd4 42. Rxh6 Rc1 43. Rh8+ Ke7 44. Re5+ Kf6 45. Rc5 b6 46. Rc6+
Kg7 47. Rch6 Rxc2 48. R8h7+ Kf8 49. Rh8+ Kg7 50. Bd3 Rc1+ 51. Kf2 Rb1 52. R8h7+
Kf8 53. Bxb1 Ke7 54. Ba2 d3 55. Rxf7+ Ke8 56. Rh8# 1-0

[Event "Challenge"]
[Site "http://www.queenalice.com/game.php?id=1090156"]
[Date "2012.8.4"]
[Round "-"]
[White "Rogerio11"]
[Black "jonas777"]
[Result "0-1"]
[WhiteElo "1261"]
[BlackElo "1601"]

1. e4 d6 2. d4 Nf6 3. Qf3 Bg4 4. Qf4 h6 5. Bb5+ c6 6. Ba4 Qa5+ 7. Nc3 Bd7 8. e5
dxe5 9. dxe5 Nd5 10. Qd2 Nxc3 11. Bb3 Qxe5+ 12. Kf1 Ne4 13. Qb4 Qf5 14. f3 Nd6
15. c4 Qd3+ 16. Ke1 Na6 17. Qa3 e6 18. Bf4 Nxc4 19. Qa4 Nxb2 20. Qe4 Qxe4+ 21.
Ne2 Nd3+ 22. Kf1 Nxf4 23. fxe4 Nxe2 24. Kxe2 Bb4 25. g4 Nc5 26. a3 Nxb3 27. Rab1
Nd4+ 28. Kd3 Bc5 29. Rxb7 e5 30. Kc4 Be6+ 31. Kxc5 O-O 32. Rhb1 Bxg4 33. a4 Bf3
34. Re1 Rfc8 35. a5 Ne6+ 36. Kd6 c5 37. Rf1 Bxe4 38. Re1 Bxb7 39. Rxe5 Rd8+ 40.
Ke7 Re8+ 41. Kd6 Rad8# 0-1

[Event "AUTO-INT-2241"]
[Site "http://www.queenalice.com/game.php?id=1090662"]
[Date "2012.8.6"]
[Round "2"]
[White "lani"]
[Black "jonas777"]
[Result "1-0"]
[WhiteElo "1841"]
[BlackElo "1630"]

1. e4 d6 2. d4 Nf6 3. Nc3 a6 4. h3 e6 5. Nf3 Bd7 6. Bd3 h6 7. Be3 Be7 8. O-O O-O
9. a4 Bc6 10. e5 Nd5 11. Nxd5 Bxd5 12. b4 Nc6 13. b5 axb5 14. axb5 Rxa1 15. Qxa1
Nb4 16. exd6 Qxd6 17. Qa3 Bxf3 18. gxf3 Nxd3 19. Qxd6 cxd6 20. cxd3 Ra8 21. Rc1
Kh7 22. Rc7 Ra1+ 23. Kg2 Bf6 24. Rxb7 Kg6 25. b6 Rb1 26. Rb8 d5 27. Bd2 Bxd4 28.
b7 Be5 29. Rc8 Rxb7 30. Rc2 Rb3 31. f4 Bf6 32. h4 Rxd3 33. f3 Bd4 34. Kg3 f5 35.
Bb4 Be3 36. Bf8 Rd1 37. Rc7 Rg1+ 38. Kh2 d4 39. Rxg7+ Kf6 40. Rxg1 Bxg1+ 41.
Kxg1 d3 42. Kf2 e5 43. fxe5+ Kxe5 44. Bxh6 Kd4 45. h5 Kc3 46. Ke1 Kd4 47. Kd2
Kc4 48. Be3 Kd5 49. h6 Ke5 50. h7 f4 51. h8=Q+ Kf5 52. Qf8+ Ke5 53. Qxf4+ Kd5
54. Kxd3 Ke6 55. Qg5 Kd6 56. Kd4 Ke6 57. Qe5+ Kd7 58. Kc5 Kc8 59. Qe7 Kb8 60.
Kb6 Kc8 61. Qc7# 1-0

[Event "AUTO-INT-2241"]
[Site "http://www.queenalice.com/game.php?id=1090663"]
[Date "2012.8.6"]
[Round "2"]
[White "jonas777"]
[Black "lani"]
[Result "1-0"]
[WhiteElo "1577"]
[BlackElo "1867"]

1. d4 e6 2. Nf3 Nf6 3. a3 d5 4. h3 Be7 5. Nc3 h6 6. Ne5 Nfd7 7. Nxd7 Nxd7 8. e3
Nf6 9. Bb5+ c6 10. Bd3 O-O 11. O-O b5 12. Qf3 Bd6 13. e4 dxe4 14. Bxe4 Nxe4 15.
Qxe4 Bb7 16. Bf4 Bxf4 17. Qxf4 a5 18. Rfd1 Qe7 19. Ne4 Rad8 20. Nc5 Bc8 21. Ne4
Rfe8 22. Ng3 e5 23. dxe5 Bb7 24. Rxd8 Rxd8 25. Nh5 c5 26. Re1 Qd7 27. Qg3 f6 28.
exf6 Rf8 29. Re7 Qd5 30. Qxg7# 1-0

[Event "AUTO-INT-2304"]
[Site "http://www.queenalice.com/game.php?id=1095422"]
[Date "2012.8.21"]
[Round "2"]
[White "ErasmudoPorto"]
[Black "jonas777"]
[Result "1-0"]
[WhiteElo "2020"]
[BlackElo "1619"]

1. f4 d5 2. g3 b6 3. Bg2 Bb7 4. Nf3 Nf6 5. O-O e6 6. d3 Bc5+ 7. d4 Be7 8. Ne5
O-O 9. Be3 Nbd7 10. Qd3 Nxe5 11. fxe5 Nd7 12. Na3 a5 13. Nb5 Ba6 14. Qb3 h6 15.
Rf2 Bg5 16. Bxg5 Qxg5 17. Nxc7 Bc4 18. Qa4 Rad8 19. b3 Qd2 20. bxc4 Qxd4 21. Rf1
dxc4 22. Nb5 Nc5 23. Nxd4 Nxa4 24. e3 Nc3 25. a3 b5 26. Nc6 Ra8 27. Ne7+ Kh7 28.
Bxa8 Rxa8 29. Rxf7 b4 30. axb4 a4 31. Nc6 a3 32. Ra7 Rxa7 33. Nxa7 a2 34. b5 Nd5
35. Ra1 Nb4 36. b6 Na6 37. Rxa2 Nc5 38. Nc8 Kg6 39. Nd6 Nd7 40. b7 Kg5 41. Ra8
Kg4 42. Rd8 Nxe5 43. b8=Q Nc6 44. Qc8 Nxd8 45. Qxd8 Kf3 46. Nxc4 e5 47. Nxe5+
Kxe3 48. Qd3# 1-0

[Event "AUTO-INT-2304"]
[Site "http://www.queenalice.com/game.php?id=1095423"]
[Date "2012.8.21"]
[Round "2"]
[White "jonas777"]
[Black "ErasmudoPorto"]
[Result "0-1"]
[WhiteElo "1605"]
[BlackElo "2018"]

1. d4 Nf6 2. h3 g6 3. b3 Bg7 4. Bb2 O-O 5. Nf3 d6 6. Nbd2 Re8 7. e3 Nc6 8. Bb5
Bd7 9. O-O a6 10. Bxc6 Bxc6 11. Rb1 e5 12. dxe5 dxe5 13. Nxe5 Qd6 14. Ndc4 Qe6
15. Nxc6 Qxc6 16. Ne5 Qe6 17. Nf3 Rad8 18. Qe2 Ne4 19. Bxg7 Kxg7 20. Rfd1 Nc3
21. Qe1 Rxd1 22. Rxd1 Nxd1 23. Qxd1 b5 24. Ng5 Qf6 25. Nf3 Rd8 26. Qf1 Qb2 27.
a4 Qxc2 28. axb5 Rd1 29. Ne1 Qb1 30. f3 Rxe1 31. Qxe1 Qxe1+ 32. Kh2 axb5 33. e4
c5 34. h4 c4 35. bxc4 bxc4 36. Kh3 c3 37. Kg4 h5+ 38. Kf4 f6 39. g4 c2 40. gxh5
c1=Q+ 41. Kg4 Qg1+ 42. Kh3 Qcf1# 0-1

[Event "AUTO-INT-2304"]
[Site "http://www.queenalice.com/game.php?id=1095424"]
[Date "2012.8.21"]
[Round "2"]
[White "Betim_Xadrez"]
[Black "jonas777"]
[Result "1-0"]
[WhiteElo "1803"]
[BlackElo "1647"]

1. e4 d6 2. d4 Nf6 3. Nc3 Bg4 4. Be2 Bd7 5. Nf3 a6 6. Bg5 Ng8 7. Bc4 h6 8. Bh4
Qc8 9. e5 Bg4 10. O-O Nc6 11. h3 Bd7 12. Re1 e6 13. d5 Na5 14. dxe6 Nxc4 15.
exd7+ Qxd7 16. exd6+ Be7 17. dxe7 f6 18. Qxd7+ Kxd7 19. Rad1+ Nd6 20. Bg3 Nxe7
21. Ne4 Nf5 22. Bxd6 cxd6 23. g4 Ne7 24. Nxd6 Kc6 25. Rxe7 Rad8 26. Re6 Kc7 27.
Re7+ Kc6 28. Nd4+ Kxd6 29. Rxb7 Ke5 30. Nf3+ Kf4 31. Rxd8 Rxd8 32. Kg2 Rc8 33.
Rxg7 Rxc2 34. Ra7 Rxb2 35. Rxa6 Rc2 36. Rxf6+ Ke4 37. a4 Ra2 38. Rxh6 Rxa4 39.
g5 Ra3 40. Nd2+ Kf5 41. h4 Rd3 42. Nc4 Rd7 43. Ne3+ Ke5 44. Rf6 Rh7 45. Kg3 Ke4
46. g6 Rh6 47. Ra6 Ke5 48. Ng4+ 1-0

[Event "AUTO-INT-2304"]
[Site "http://www.queenalice.com/game.php?id=1095425"]
[Date "2012.8.21"]
[Round "2"]
[White "jonas777"]
[Black "Betim_Xadrez"]
[Result "1-0"]
[WhiteElo "1595"]
[BlackElo "1818"]

1. d4 Nf6 2. h3 d5 3. Nf3 Nc6 4. a3 g6 5. b3 Bg7 6. Bb2 O-O 7. e3 b6 8. Bb5 Bb7
9. Ne5 Nxe5 10. dxe5 Nd7 11. Qg4 Nxe5 12. Bxe5 Bxe5 13. c3 a6 14. Bd3 c5 15. O-O
b5 16. Ra2 Qd6 17. Rc2 Qc6 18. Nd2 d4 19. Be4 Qc7 20. exd4 cxd4 21. cxd4 Bd6 22.
Rxc7 1-0

[Event "AUTO-INT-2429"]
[Site "http://www.queenalice.com/game.php?id=1100466"]
[Date "2012.9.7"]
[Round "1"]
[White "jonas777"]
[Black "Severynnas"]
[Result "1-0"]
[WhiteElo "1622"]
[BlackElo "1477"]

1. d4 e6 2. a3 Nf6 3. Bg5 Be7 4. h3 h6 5. Bxf6 Bxf6 6. e3 O-O 7. Be2 d5 8. Nf3
c5 9. O-O cxd4 10. Nxd4 a6 11. Bd3 b5 12. Qg4 e5 13. Nf5 e4 14. Be2 Bxb2 15. Ra2
Bxf5 16. Qxf5 Bf6 17. Rd1 g6 18. Qxd5 Qxd5 19. Rxd5 Rd8 20. Rxd8+ Bxd8 21. c3
Nc6 22. Rd2 Bf6 23. Rd6 Bxc3 24. Rxc6 Bb2 25. Rc2 Be5 26. Rc5 f6 27. f4 Bd6 28.
Rc6 Be7 29. Nc3 b4 30. axb4 Bxb4 31. Nxe4 Be7 32. Bxa6 Rd8 33. Nxf6+ Bxf6 34.
Rxf6 Rd1+ 35. Kf2 Rd2+ 36. Kf3 Kg7 37. Rc6 h5 38. Bb7 Kh6 39. Re6 Rd1 40. Be4
Rf1+ 41. Kg3 Rg1 42. Rxg6+ Kh7 43. Rg5+ Kh6 44. h4 Re1 45. Kf3 Rh1 46. g3 Rf1+
47. Ke2 Ra1 48. f5 Ra2+ 49. Kf3 Ra4 50. f6 Ra1 51. f7 Rf1+ 52. Ke2 Rc1 53. Rg6+
Kh7 54. Rc6+ Kg7 55. Rxc1 Kxf7 56. Rc6 Ke7 57. Bg6 Kd7 58. Rc5 Kd6 59. Rxh5 Ke6
60. Rf5 Kd6 61. h5 Ke6 62. h6 Kd6 63. h7 Kc6 64. h8=Q Kd6 65. Qe5+ Kc6 66. Rf6+
Kd7 67. Rd6+ Kc7 68. Qe7+ Kc8 69. Rd8# 1-0

[Event "AUTO-INT-2429"]
[Site "http://www.queenalice.com/game.php?id=1100467"]
[Date "2012.9.7"]
[Round "1"]
[White "Severynnas"]
[Black "jonas777"]
[Result "0-1"]
[WhiteElo "1613"]
[BlackElo "1603"]

1. d4 d6 2. c4 Nf6 3. Nc3 a6 4. e4 Bg4 5. f3 Bd7 6. Bd3 h6 7. Nge2 e6 8. O-O Be7
9. b3 O-O 10. Qe1 Nc6 11. d5 Ne5 12. Bc2 exd5 13. cxd5 Bb5 14. a4 Nd3 15. Bxd3
Bxd3 16. Qd2 Bxe2 17. Qxe2 Nd7 18. Qf2 Ne5 19. Qg3 Bf6 20. Bxh6 Ng6 21. Bd2 Be5
22. Qf2 c6 23. f4 Bf6 24. f5 Ne7 25. Qg3 g6 26. fxg6 Nxg6 27. Bf4 Bxc3 28. Rab1
Be5 29. Bxe5 dxe5 30. Rf6 Qxf6 31. Rf1 Qd6 32. h4 Kh7 33. Qg5 cxd5 34. Qh5+ Kg7
35. Rc1 Rh8 36. Qd1 Rxh4 37. exd5 Qb6+ 38. Kf1 Rf4+ 39. Ke1 Qb4+ 40. Ke2 Re4+
41. Kf2 Nf4 42. g4 Rh8 43. d6 Rh2+ 44. Kg3 Rg2+ 45. Kh4 Re3 46. d7 Qe7+ 47. g5
Qxg5# 0-1

[Event "AUTO-INT-2429"]
[Site "http://www.queenalice.com/game.php?id=1100468"]
[Date "2012.9.7"]
[Round "1"]
[White "jonas777"]
[Black "lala"]
[Result "1-0"]
[WhiteElo "1620"]
[BlackElo "1480"]

1. d4 d5 2. a3 g6 3. Nf3 Bg7 4. Bg5 Nf6 5. b3 c6 6. h3 O-O 7. Nc3 b5 8. Bc1 a5
9. Bb2 Bf5 10. e3 Qd7 11. Ne5 Qc8 12. Be2 b4 13. axb4 Nbd7 14. bxa5 c5 15. Nb5
Ne4 16. O-O c4 17. bxc4 dxc4 18. Bxc4 Qb8 19. Nc3 Qxb2 20. Nxe4 Bxe4 21. Nxd7
Rfd8 22. Nc5 e5 23. Nxe4 exd4 24. exd4 Rxd4 25. Qe2 Re8 26. Rfb1 Rdxe4 27. Rxb2
Rxe2 28. Bxe2 Bxb2 29. Bb5 Re7 30. Rb1 Ba3 31. a6 Bd6 32. g3 Re5 33. Bd3 Bc5 34.
Kg2 Kg7 35. Rb5 Bd6 36. a7 Re8 37. Ra5 h5 38. a8=Q Rxa8 39. Rxa8 Bc5 40. Rc8 Bd6
41. c4 f5 42. c5 Be5 43. Ra8 Kh6 44. c6 1-0

[Event "AUTO-INT-2429"]
[Site "http://www.queenalice.com/game.php?id=1100469"]
[Date "2012.9.7"]
[Round "1"]
[White "lala"]
[Black "jonas777"]
[Result "1-0"]
[WhiteElo "1474"]
[BlackElo "1617"]

1. d4 d5 2. e3 a6 3. c3 Nf6 4. g3 Bg4 5. Qa4+ Bd7 6. Qb3 e6 7. Qxb7 Bc6 8. Qb3
Be7 9. Bg2 O-O 10. Ne2 Nbd7 11. O-O Rb8 12. Qc2 Nb6 13. b4 Ba4 14. Qd3 Bb5 15.
Qd2 Nc4 16. Qc2 Ba4 17. Qxa4 Qc8 18. Qc2 Qd7 19. Nd2 Nb6 20. a4 Ra8 21. a5 Nc8
22. Nf4 Nd6 23. Nf3 Nfe4 24. Ne5 Qb5 25. c4 Qxb4 26. Nc6 Qb7 27. Nxe7+ Kh8 28.
cxd5 exd5 29. f3 Nf6 30. Ba3 Rfe8 31. Nc6 Rxe3 32. Ne5 Re8 33. Rab1 Qc8 34. Bh3
Qd8 35. Bxd6 cxd6 36. Nxf7+ Kg8 37. Nxd8 Rxd8 38. g4 h6 39. Ng6 Rd7 40. g5 hxg5
41. Rb8+ Kf7 42. Rf8# 1-0

[Event "AUTO-INT-2429"]
[Site "http://www.queenalice.com/game.php?id=1100470"]
[Date "2012.9.7"]
[Round "1"]
[White "jonas777"]
[Black "Genjuro_Kibagami"]
[Result "0-1"]
[WhiteElo "1647"]
[BlackElo "1700"]

1. d4 d5 2. Nf3 e6 3. Bg5 Be7 4. Bc1 Nc6 5. a3 Bd6 6. h3 e5 7. b3 exd4 8. Nxd4
Qf6 9. Bb2 Nge7 10. Ra2 Nxd4 11. Bxd4 Be5 12. e3 Bxd4 13. Qxd4 Qxd4 14. exd4 Bf5
15. Bd3 O-O-O 16. Bxf5+ Nxf5 17. c3 Rhe8+ 18. Kf1 h5 19. Nd2 Re6 20. g4 Nh4 21.
gxh5 Rde8 22. Ra1 Re2 23. Rd1 b5 24. Rg1 Nf5 25. Rg5 g6 26. hxg6 fxg6 27. Rxg6
Nd6 28. h4 a5 29. h5 a4 30. bxa4 bxa4 31. Rf6 Rxd2 32. Rxd2 Ne4 33. Re2 Nxf6 34.
Rxe8+ Nxe8 35. Kg2 Nf6 36. h6 Kd7 37. Kg3 Kd6 38. f3 c5 39. Kh4 cxd4 40. cxd4
Nh7 41. Kh5 Nf8 42. Kg5 Ke6 43. f4 Ke7 44. Kf5 Kf7 45. Ke5 Kg6 46. Kxd5 Kxh6 47.
Ke4 Kg7 48. f5 Kf6 49. d5 Nd7 50. d6 Ne5 51. Kf4 Nc4 52. d7 Ke7 53. Kg5 Kxd7 54.
f6 Ke8 55. Kg6 Kf8 56. Kf5 Nxa3 57. Ke6 Nb1 58. f7 a3 59. Kf6 a2 60. Kg6 a1=Q
61. Kf5 Kxf7 62. Ke4 Qa4+ 0-1

[Event "AUTO-INT-2429"]
[Site "http://www.queenalice.com/game.php?id=1100471"]
[Date "2012.9.7"]
[Round "1"]
[White "Genjuro_Kibagami"]
[Black "jonas777"]
[Result "1-0"]
[WhiteElo "1652"]
[BlackElo "1647"]

1. e4 d6 2. d4 Nf6 3. f3 a6 4. d5 h6 5. Nc3 Bd7 6. Qd4 e6 7. Nge2 e5 8. Qb4 b6
9. Be3 a5 10. Qb3 Be7 11. O-O-O O-O 12. g3 Na6 13. h4 a4 14. Nxa4 Nc5 15. Nxc5
bxc5 16. Nc3 Rb8 17. Qa3 c6 18. dxc6 Bxc6 19. Qa6 Qc7 20. Bc4 Ra8 21. Bxf7+ Rxf7
22. Qc4 Kf8 23. Rhf1 Nh5 24. Nd5 Bxd5 25. Qxd5 Qa7 26. Bxc5 Qxc5 27. Qxa8+ Bd8
28. Qxd8# 1-0